000 01531nam a2200385 a 4500
001 ebr5001694
003 CaPaEBR
006 m u
007 cr cn|||||||||
008 010131s2000 enk sb 001 0 eng
010 _z 99056334
015 _aGBA1-8009
016 7 _a0333694589
_2Uk
020 _z0333694589(cased)
020 _z0333694597(pbk.)
020 _z0312231733(St. Martin's Press : cased)
020 _z0312231741(St. Martin's Press : pbk.)
040 _aCaPaEBR
_cCaPaEBR
035 _a(OCoLC)70741375
050 1 4 _aPR651
_b.M83 2000eb
082 0 4 _a822.309
_221
100 1 _aMousley, Andy,
_d1959-
245 1 0 _aRenaissance drama and contemporary literary theory
_h[electronic resource] /
_cAndy Mousley.
260 _aBasingstoke :
_bMacmillan,
_c2000.
300 _aviii, 244 p.
504 _aIncludes bibliographical references and index.
533 _aElectronic reproduction.
_bPalo Alto, Calif. :
_cebrary,
_d2013.
_nAvailable via World Wide Web.
_nAccess may be limited to ebrary affiliated libraries.
650 0 _aEnglish drama
_yEarly modern and Elizabethan, 1500-1600
_xHistory and criticism
_xTheory, etc.
650 0 _aEnglish drama
_y17th century
_xHistory and criticism
_xTheory, etc.
650 0 _aCriticism
_xHistory
_y20th century.
650 0 _aRenaissance
_zEngland.
655 7 _aElectronic books.
_2local
710 2 _aebrary, Inc.
856 4 0 _uhttp://site.ebrary.com/lib/rucke/Doc?id=5001694
_zAn electronic book accessible through the World Wide Web; click to view
999 _c1299
_d1299